Vplyv zavedenia EURA na bankový sektor diplomová práca

Enregistré dans:
Détails bibliographiques
Auteur principal: Borský, Miloš
Collectivité auteur: Obchodná fakulta EU. Katedra medzinárodného obchodu
Autres auteurs: Poliačik, Ivan
Format: Livre
Langue:slovaque
Publié: Bratislava 2008
Tags: Ajouter un tag
Pas de tags, Soyez le premier à ajouter un tag!

MARC

LEADER 00000nam$a2200000$$$4500
001 0085721
005 20240201120719.7
041 0 |a slo 
044 |a SK 
245 1 0 |a Vplyv zavedenia EURA na bankový sektor  |b diplomová práca  |c Miloš Borský ; škol. Ivan Poliačik 
264 1 |a Bratislava  |c 2008 
300 |a 119 s. 
100 1 |a Borský, Miloš 
700 1 |a Poliačik, Ivan 
710 2 |a Obchodná fakulta EU. Katedra medzinárodného obchodu